000
00350pam a2200157a 44500
008
230515b1985 xxu||||| |||| 00| 0 eng d
020
_a
NULL
041
_a
ENGLISH
082
_a
618.1
100
_a
JONES H.W
245
_a
NOVAKS TEXTBOOK GYNECOLGY
250
_a
0
260
_a
_b
WILLIAMS AND WILKINS
_c
1985
300
_a
919
650
_a
NULL
999
_c
552411
_d
552411